Torino FC Squad 2015-2016 - Statistics

General Stats
  • This quiz has been taken 32 times
  • The average score is 15 of 28
Answer Stats
# Position Nation Player % Correct
17 FW Venezuela Josef Martínez
82%
25 DF Poland Kamil Glik
82%
6 MF Ghana Afriyie Acquah
77%
- Coach Italy Giampiero Ventura
77%
9 FW Italy Andrea Belotti
73%
1 GK Italy Daniele Padelli
73%
24 DF Italy Emiliano Moretti
73%
33 DF Brazil Bruno Peres
68%
16 MF Italy Daniele Baselli
68%
4 MF Nigeria Joel Obi
68%
15 MF Italy Marco Benassi
64%
11 FW Argentina Maxi López
64%
3 DF Italy Cristian Molinaro
59%
20 MF Italy Giuseppe Vives
59%
28 GK Uruguay Salvador Ichazo
59%
27 FW Italy Fabio Quagliarella
55%
7 DF Italy Davide Zappacosta
50%
10 FW Italy Ciro Immobile
45%
18 DF Sweden Pontus Jansson
45%
14 MF Italy Alessandro Gazzi
36%
22 FW Italy Amauri
36%
5 DF Italy Cesare Bovo
36%
19 DF Serbia Nikola Maksimović
36%
8 MF Sweden Alexander Farnerud
32%
26 DF Brazil Danilo Avelar
23%
21 DF Uruguay Gastón Silva
23%
13 GK Italy Luca Castellazzi
23%
23 MF Bosnia and Herzegovina Sanjin Prcić
9%
No matching quizzes found
Score Distribution
Percent of People with Each Score
Percentile by Number Answered
Your Score History
You have not taken this quiz